[Event "CRO-chT2 West"]
[Site "Rijeka"]
[Date "2012.04.21"]
[Round "4.21"]
[White "Tomac, Vanja"]
[Black "Lukenda, Tina"]
[Result "0-1"]
[WhiteElo "1811"]
[BlackElo "2146"]
[PlyCount "118"]
[EventDate "2012.03.17"]
[EventType "team-tourn"]
[EventRounds "9"]
[EventCountry "CRO"]
[SourceTitle "EXT 2013"]
[Source "ChessBase"]
[SourceDate "2012.11.22"]
[SourceVersion "1"]
[SourceVersionDate "2012.11.22"]
[SourceQuality "1"]

1. c4 c6 2. Nf3 d5 3. e3 Nf6 4. cxd5 cxd5 5. Bb5+ Bd7 6. Bxd7+ Qxd7 7. Ne5 Qc7 8. d4 Nc6 9. Qa4 Nd7 10. Nxd7 Qxd7 11. 0-0 e6 12. Bd2 Bd6 13. Nc3 0-0 14. a3 a6 15. b4 b5 16. Qb3 Rfb8 17. Ne2 a5 18. bxa5 Nxa5 19. Bxa5 Rxa5 20. Ra2 Rba8 21. Rfa1 Qc7 22. Nc3 Qc4 23. Qb2 g6 24. g3 e5 25. a4 bxa4 26. Ne2 a3 27. Qb6 R5a6 28. Qb1 exd4 29. Nxd4 Be5 30. Qd1 Ra4 31. Kg2 Bxd4 32. Qxd4 Qxa2 33. Rxa2 Rxd4 34. exd4 Kg7 35. Kf3 Kf6 36. Ke3 Ke6 37. h3 Kd6 38. Kd3 h5 39. Kc3 Ke6 40. f3 Kf5 41. Kb4 h4 42. gxh4 Kf4 43. Kc5 Kxf3 44. Kxd5 Ke3 45. Ke5 f5 46. h5 gxh5 47. Kxf5 Kxd4 48. h4 Kc3 49. Kg6 Ra5 50. Rxa3+ Rxa3 51. Kxh5 Kd4 52. Kg6 Rg3+ 53. Kh6 Ke5 54. h5 Kf6 55. Kh7 Kf7 56. Kh6 Rh3 57. Kg5 Kg7 58. Kg4 Rh1 59. Kg5 Kh7 0-1

[Event "CRO Cup 17th"]
[Site "Sibenik"]
[Date "2008.05.23"]
[Round "3"]
[White "Lukenda, Tina"]
[Black "Grgic, Ivan"]
[Result "1/2-1/2"]
[WhiteElo "2155"]
[BlackElo "2029"]
[PlyCount "32"]
[EventDate "2008.05.21"]
[EventType "swiss"]
[EventRounds "5"]
[EventCountry "CRO"]
[SourceTitle "CBM 124 Extra"]
[Source "ChessBase"]
[SourceDate "2008.07.03"]
[SourceVersion "1"]
[SourceVersionDate "2008.07.03"]
[SourceQuality "1"]

1. d4 d5 2. Nf3 Nf6 3. c4 e6 4. Nc3 Be7 5. Bg5 Nbd7 6. cxd5 exd5 7. e3 0-0 8. Bd3 c6 9. Qc2 Re8 10. 0-0 Ne4 11. Bf4 Ndf6 12. Bxe4 Nxe4 13. Nxe4 dxe4 14. Qxe4 Bd6 15. Qd3 Bxf4 16. exf4 Qd5 1/2-1/2